000 01549nam2a2200289 4500
001 RU\NLR\bibl\417890
005 20260607070438.0
010 _a5-8125-0005-3
_9150
021 _aRU
_b2011-93329
_96685
035 _a(NLR Aleph) 000411871
090 _a640258
_c640258
100 _a20030709d1999 |||y0rusy50 ca
101 0 _arus
102 _aRU
105 _ay |||||||||
200 1 _aВ нежности душевного разлада
_e(Духов. искания)]
210 _d1999
_aБ. м.
215 _a178 с.
327 1 _aСодерж.: Циклы: Страданьем дорог сердца... лепесток?; Черный рояль - разноцветные розы; Я вся построена на рисках?!; Возникну я... в солнечном свете?!; Дагестанского сердца кантата?!; Власть - поэзия, но... не тщеславья спор!
461 0 _1001RU\NLR\bibl\66078
_12001#$aЯ промыла судьбы избу$v[Кн. 5
_9352748
_aШелонникова, Г. А.
_cТула
_d1997
_fГалина Шелонникова
_nТППО
_o(Поэт. повесть в 5 кн.)
_tЯ промыла судьбы избу
_v[Кн. 5
512 1 _6z12790
_aВ нежности душевного разлада
790 1 _4070
_7ca
_8rus
_aШелонникова
_bГ. А.
_gГалина Алексеевна
_9125059
_3RU\NLR\auth\7715408
801 0 _aRU
_bNLR
_c20030709
_gPSBO
801 1 _aRU
_bNLR
_c20030709
942 _cBOOK
980 _aNB